| 000 | 00426nam a2200181Ia 4500 | ||
|---|---|---|---|
| 001 | 7457 | ||
| 005 | 20260306160456.0 | ||
| 008 | 260306t2012||||xx |||||||||||||| ||spa|| | ||
| 041 | _aESP | ||
| 082 |
_a339 _bC32 2012 |
||
| 100 |
_aCase, Karl E. _eAUT |
||
| 245 | 0 | _aPrincipios de macroeconomĂa | |
| 260 | _c2012 | ||
| 300 |
_axxvii, 443 páginas : _c27 cm. |
||
| 650 | _aGEN | ||
| 654 | _aCAN | ||
| 942 |
_cLIB _dJUS _fJUS _2ddc _n |
||
| 999 |
_c7457 _d7457 |
||